Digital Signal Processing with Matlab Examples : Signals and Data, Filtering, Non-stationary Signals, Modulation /
Contiene: Parte I Señales y datos: 1) Señales periódicas; 2) Aspectos estadísticos; Parte II Filtrado: 3) Sistemas lineales; 4) Filtros analógicos; 5) Filtros digitales; Parte III Señales no estacionarias: 6) Cambios de señal; 7) Análisis de frecuencia de tiempo; 8) Modulación.
Guardat en:
| Autor principal: | |
|---|---|
| Format: | Llibre |
| Idioma: | anglès |
| Publicat: |
Singapur :
Springer,
2017, c2017
|
| Col·lecció: | (Signals and Communications Technology)
|
| Matèries: | |
| Accés en línia: | Ver documento en línea |
| Etiquetes: |
Sense etiquetes, Sigues el primer a etiquetar aquest registre!
|
MARC
| LEADER | 00000nam^a2200000^a^4500 | ||
|---|---|---|---|
| 001 | 000440881 | ||
| 005 | 20251023000000.0 | ||
| 009 | 20260310123347.504 | ||
| 020 | |a 978-981-10-2534-1 | ||
| 037 | |a Acervo ITESO - Biblioteca | ||
| 041 | |a ING | ||
| 082 | |a 621. 3822 |b GIR V. 1 | ||
| 100 | |a Giron-Sierra, Jose Maria |e (autor) | ||
| 240 | 1 | 1 | |a [Digital Signal Processing with Matlab Examples] |
| 245 | 1 | 0 | |a Digital Signal Processing with Matlab Examples : |b Signals and Data, Filtering, Non-stationary Signals, Modulation / |c J.M. Giron-Sierra. |
| 264 | 4 | |a Singapur : |b Springer, |c 2017, c2017 | |
| 264 | 2 | |a Cham, Suiza : |b Springer Link [distribución], |c 2017 | |
| 300 | |a 1 libro electrónico en línea (XXXVII, 622 p.) | ||
| 300 | |a 1 recurso en línea | ||
| 336 | |a datos para computadora |b cod |2 rdacontenido | ||
| 337 | |a computadora |b c |2 rdamedio | ||
| 338 | |a recurso en línea |b cr |2 rdasoporte | ||
| 440 | 1 | |a (Signals and Communications Technology) | |
| 506 | 0 | |a Licencias ilimitadas | |
| 520 | |a Contiene: Parte I Señales y datos: 1) Señales periódicas; 2) Aspectos estadísticos; Parte II Filtrado: 3) Sistemas lineales; 4) Filtros analógicos; 5) Filtros digitales; Parte III Señales no estacionarias: 6) Cambios de señal; 7) Análisis de frecuencia de tiempo; 8) Modulación. | ||
| 521 | |a 2022 BO Especialidad en Sistemas Embebidos | ||
| 649 | |a XX | ||
| 650 | |a Paquetes (Software) | ||
| 650 | |a Lenguajes de Programación | ||
| 650 | |a Programación (Software) | ||
| 650 | |a Procesamiento de Señales - |x Tema Principal | ||
| 650 | |a Filtros Digitales | ||
| 650 | |a Filtros Eléctricos | ||
| 650 | |a Electrónica Digital | ||
| 650 | |a Sistemas Electrónicos | ||
| 650 | |a Modulación (Electrónica) | ||
| 650 | |a Señales (Telecomunicaciones) | ||
| 650 | |a Señales y Transmisión de Señales | ||
| 650 | |a Matemáticas - |x Proceso de Datos | ||
| 650 | |a Electrónica - |x Matemáticas | ||
| 650 | |a Ingeniería Electrónica | ||
| 856 | 4 | 0 | |u https://link-springer-com.ezproxy.iteso.mx/10.1007/978-981-10-2534-1 |y Ver documento en línea |
| 910 | |a Fondo General | ||
| 920 | |a Electrónicos - Libros en Línea | ||
| 930 | |a Plataforma Digital | ||
| 905 | |a 205 | ||
| 901 | |a 440881-1 |b IT2 |c EBO |i C177973 |u 20250521 | ||
| 902 | |a https://opac.biblio.iteso.mx/vufind/Record/000440881 | ||